[Event "Florianopolis op 7th"]
[Site "Florianopolis"]
[Date "2021.01.23"]
[Round "8"]
[White "Pavao, Alice Lara Biasi"]
[Black "De Sousa E Silva, Luis Gonzaga"]
[Result "1-0"]
[WhiteElo "1002"]
[BlackElo "1277"]
[PlyCount "76"]
[EventDate "2021.01.18"]
[EventType "swiss"]
[EventRounds "10"]
[EventCountry "BRA"]
[SourceTitle "CBM 200 Extra"]
[Source "ChessBase"]
[SourceDate "2021.03.31"]
[SourceVersion "1"]
[SourceVersionDate "2021.03.31"]
[SourceQuality "1"]

1. Nf3 g6 2. g3 Bg7 3. Bg2 Nf6 4. 0-0 d6 5. d3 0-0 6. Nbd2 d5 7. e4 dxe4 8. dxe4 Nc6 9. Rb1 Bg4 10. h3 Bc8 11. b3 Rb8 12. Bb2 Qd6 13. e5 Nxe5 14. Bxe5 Qd7 15. a4 b6 16. Re1 Bb7 17. Nc4 Qxd1 18. Rbxd1 Ne4 19. Bxg7 Kxg7 20. Nfe5 Rfd8 21. Rxd8 Rxd8 22. Bxe4 Bxe4 23. Rxe4 Rd1+ 24. Kg2 Rc1 25. Nc6 e6 26. Nxa7 Rxc2 27. Rd4 Rc3 28. Rd7 Rxb3 29. Rxc7 Rb4 30. Nd6 Rxa4 31. Rxf7+ Kg8 32. Nac8 Ra8 33. Nxb6 Rd8 34. Nbc4 e5 35. Re7 Kh8 36. Nf7+ Kg8 37. Nxd8 Kf8 38. Rxe5 Kg7 1-0

[Event "Sudeste/Centro-Oeste-ch U1600"]
[Site "Barbacena"]
[Date "2019.10.26"]
[Round "4"]
[White "Santos, Raul De Assis"]
[Black "De Sousa E Silva, Luis Gonzaga"]
[Result "1/2-1/2"]
[WhiteElo "1800"]
[BlackElo "1309"]
[PlyCount "126"]
[EventDate "2019.10.25"]
[EventType "swiss"]
[EventRounds "6"]
[EventCountry "BRA"]
[SourceTitle "CBM 193 Extra"]
[Source "ChessBase"]
[SourceDate "2020.01.31"]
[SourceVersion "1"]
[SourceVersionDate "2020.01.31"]
[SourceQuality "1"]

1. c4 g6 2. Nc3 Bg7 3. g3 Nf6 4. Bg2 d6 5. d3 e5 6. Rb1 Nbd7 7. e3 Rb8 8. Nge2 a6 9. a4 c6 10. e4 Nc5 11. b4 Ne6 12. b5 axb5 13. axb5 cxb5 14. Nxb5 0-0 15. 0-0 Nc7 16. Nec3 Ra8 17. Bg5 Qd7 18. Bxf6 Bxf6 19. Nxc7 Qxc7 20. Nd5 Qd8 21. Kh1 Bg7 22. Qd2 Ra6 23. Qe3 Re8 24. Rb6 Kf8 25. Rfb1 Qd7 26. c5 dxc5 27. Qxc5+ Kg8 28. h3 Rxb6 29. Rxb6 Re6 30. Rxe6 Qxe6 31. Qxc8+ Qxc8 32. Ne7+ Kf8 33. Nxc8 Bh6 34. Nd6 b6 35. Nc4 b5 36. Nxe5 b4 37. Nc4 Ke7 38. e5 Bc1 39. d4 b3 40. Be4 b2 41. f4 Ke6 42. d5+ Kd7 43. Nxb2 Bxb2 44. d6 Bd4 45. Bd5 f6 46. Bg8 h6 47. Bh7 g5 48. Bf5+ Ke8 49. d7+ Ke7 50. e6 h5 51. fxg5 fxg5 52. Kg2 Be5 53. Bg6 h4 54. gxh4 gxh4 55. Kf3 Bd6 56. Kg4 Bg3 57. Kf5 Bc7 58. Bf7 Bg3 59. Ke4 Bc7 60. Kd5 Bd8 61. Kc6 Ba5 62. Kb7 Bd8 63. Kc8 Ba5 1/2-1/2

[Event "Niteroi op 1st"]
[Site "Niteroi"]
[Date "2019.09.04"]
[Round "1"]
[White "De Sousa E Silva, Luis Gonzaga"]
[Black "Ichimura G Barbosa, Larissa Yuki"]
[Result "1/2-1/2"]
[WhiteElo "1296"]
[BlackElo "2031"]
[PlyCount "116"]
[EventDate "2019.09.04"]
[EventType "swiss"]
[EventRounds "7"]
[EventCountry "BRA"]
[SourceTitle "EXT 2020"]
[Source "ChessBase"]
[SourceDate "2019.10.17"]
[SourceVersion "1"]
[SourceVersionDate "2019.10.17"]
[SourceQuality "1"]

1. Nf3 Nf6 2. g3 d5 3. Bg2 c5 4. d3 Nc6 5. Nbd2 e5 6. 0-0 Be7 7. e4 Be6 8. c3 0-0 9. Ng5 Bg4 10. f3 Bh5 11. g4 Bg6 12. Qe2 Nxg4 13. Nxf7 Rxf7 14. fxg4 d4 15. a4 Qd7 16. h3 Rd8 17. c4 Rdf8 18. Nf3 Qd8 19. Bd2 h5 20. g5 Kh7 21. h4 Qd7 22. Kh2 Qd6 23. Be1 Bd8 24. Bg3 Bc7 25. Rf2 Qe7 26. Raf1 Nd8 27. Bh3 Ne6 28. Bxe6 Qxe6 29. Nd2 Rxf2+ 30. Rxf2 Rxf2+ 31. Qxf2 Be8 32. b3 Bd7 33. Qg2 Kg6 34. Nf3 a6 35. Nd2 Bd6 36. Nf3 b5 37. axb5 axb5 38. Nd2 b4 39. Be1 Qf7 40. Qf3 Qe7 41. Nf1 Bg4 42. Qg2 Qa7 43. Nd2 Qa1 44. Qf2 Qd1 45. Kg3 Be7 46. Kg2 Bd6 47. Kg3 Be7 48. Kg2 Qe2 49. Qxe2 Bxe2 50. Nf3 Bd6 51. Bg3 Bxd3 52. Nd2 Kf7 53. Kf2 Ke6 54. Ke1 Be7 55. Kf2 Bd6 56. Ke1 Kf7 57. Kf2 Kg6 58. Ke1 Kf7 1/2-1/2

[Event "BRA-ch Amateur U1800"]
[Site "Sao Paulo"]
[Date "2019.06.21"]
[Round "3"]
[White "De Sousa E Silva, Luis Gonzaga"]
[Black "Ferreira, Raphael Suzuki"]
[Result "0-1"]
[WhiteElo "1298"]
[BlackElo "1663"]
[PlyCount "94"]
[EventDate "2019.06.20"]
[EventType "swiss"]
[EventRounds "7"]
[EventCountry "BRA"]
[SourceTitle "CBM 195 Extra"]
[Source "ChessBase"]
[SourceDate "2020.05.31"]
[SourceVersion "1"]
[SourceVersionDate "2020.05.31"]
[SourceQuality "1"]

1. Nf3 c5 2. g3 g6 3. Bg2 Bg7 4. e4 Nc6 5. 0-0 d6 6. Nc3 Nf6 7. d3 0-0 8. Rb1 Rb8 9. Re1 e5 10. a3 Be6 11. Bg5 h6 12. Bxf6 Qxf6 13. Nb5 Rfd8 14. Nc7 Kh7 15. Nxe6 fxe6 16. c3 Rf8 17. Rf1 Rbd8 18. Qb3 Rf7 19. Nd2 Qe7 20. Rbd1 Rdf8 21. f3 b6 22. Qb5 Qc7 23. Bh3 Rf6 24. b4 cxb4 25. axb4 Rd8 26. c4 Nd4 27. Qa4 d5 28. Bg2 Qe7 29. Rf2 dxc4 30. dxc4 Bf8 31. b5 Rf7 32. Rdf1 Qc7 33. Qa2 Bc5 34. Kh1 Rdf8 35. h4 g5 36. hxg5 hxg5 37. Bh3 Kg6 38. Bg4 Rh7+ 39. Rh2 Ne2 40. Kg2 Rxh2+ 41. Kxh2 Qh7+ 42. Kg2 Rh8 43. Bf5+ exf5 44. exf5+ Kf6 45. Ne4+ Kxf5 46. g4+ Kg6 47. Rf2 Nf4+ 0-1

[Event "BRA-ch Amateur U1800"]
[Site "Sao Paulo"]
[Date "2019.06.20"]
[Round "2"]
[White "Nobre, Jose Adalberto Barb"]
[Black "De Sousa E Silva, Luis Gonzaga"]
[Result "1-0"]
[WhiteElo "1593"]
[BlackElo "1298"]
[PlyCount "71"]
[EventDate "2019.06.20"]
[EventType "swiss"]
[EventRounds "7"]
[EventCountry "BRA"]
[SourceTitle "CBM 195 Extra"]
[Source "ChessBase"]
[SourceDate "2020.05.31"]
[SourceVersion "1"]
[SourceVersionDate "2020.05.31"]
[SourceQuality "1"]

1. e4 d5 2. e5 Nc6 3. d4 Bf5 4. a3 Na5 5. Nf3 e6 6. b4 Nc6 7. Bd2 Be4 8. Bc3 Nge7 9. Nbd2 Nf5 10. Nb3 b6 11. Bb5 Qd7 12. 0-0 Be7 13. Re1 a6 14. Bf1 0-0 15. Nbd2 Bxf3 16. Nxf3 Qe8 17. Bd3 Nh4 18. Bb2 Nxf3+ 19. Qxf3 f5 20. Kh1 b5 21. Rg1 Qb8 22. g4 Qd8 23. gxf5 exf5 24. Rg3 Bh4 25. Rh3 Qe7 26. Rg1 Rf7 27. Qxd5 Bxf2 28. Qxc6 Bxg1 29. Qxa8+ Rf8 30. Qd5+ Kh8 31. Kxg1 Qg5+ 32. Rg3 Qh4 33. Qd7 g6 34. d5 f4 35. e6+ Kg8 36. Qg7# 1-0

[Event "Pocos de Caldas op"]
[Site "Pocos de Caldas"]
[Date "2019.02.09"]
[Round "4"]
[White "Salim, Joao Pedro Miranda"]
[Black "De Sousa E Silva, Luis Gonzaga"]
[Result "1-0"]
[WhiteElo "1454"]
[BlackElo "1308"]
[PlyCount "65"]
[EventDate "2019.02.08"]
[EventType "swiss"]
[EventRounds "6"]
[EventCountry "BRA"]
[SourceTitle "CBM 189 Extra"]
[Source "ChessBase"]
[SourceDate "2019.05.31"]
[SourceVersion "1"]
[SourceVersionDate "2019.05.31"]
[SourceQuality "1"]

1. c4 Nf6 2. Nc3 g6 3. g3 Bg7 4. Bg2 d6 5. Nf3 0-0 6. 0-0 Nbd7 7. Rb1 a6 8. b4 c6 9. Qb3 Rb8 10. b5 Nc5 11. Qc2 Nfe4 12. Nxe4 Nxe4 13. bxc6 Bf5 14. d3 Nc3 15. Rb3 Qa5 16. cxb7 g5 17. Bxg5 Rfe8 18. Be3 Qc7 19. Rxc3 Bxc3 20. Qxc3 f6 21. Bh6 e5 22. Nd2 Red8 23. Be4 Kh8 24. Be3 Re8 25. Rb1 Qg7 26. Ba7 Qg4 27. Bf3 Qg6 28. Bxb8 Rxb8 29. Qa3 e4 30. Nxe4 Bxe4 31. Bxe4 f5 32. Qc3+ Kg8 33. Bd5+ 1-0

[Event "Juiz de Fora op 1st"]
[Site "Juiz de Fora"]
[Date "2018.09.30"]
[Round "5"]
[White "De Sousa E Silva, Luis Gonzaga"]
[Black "Alves, Pericles Guedes"]
[Result "1-0"]
[WhiteElo "1325"]
[BlackElo "1761"]
[PlyCount "93"]
[EventDate "2018.09.29"]
[EventType "swiss"]
[EventRounds "5"]
[EventCountry "BRA"]
[SourceTitle "CBM 186 Extra"]
[Source "ChessBase"]
[SourceDate "2018.08.24"]
[SourceVersion "1"]
[SourceVersionDate "2018.08.24"]
[SourceQuality "1"]

1. Nf3 d5 2. g3 Nc6 3. Bg2 e5 4. d3 h6 5. Nbd2 Nf6 6. c3 Bd6 7. 0-0 0-0 8. e4 dxe4 9. dxe4 Be6 10. Qc2 Qd7 11. Ne1 Bh3 12. Nc4 Rac8 13. Be3 b5 14. Nxd6 cxd6 15. Rd1 Bxg2 16. Kxg2 Qe7 17. f3 Rfd8 18. Nd3 d5 19. Nf2 d4 20. Bd2 Qe6 21. b3 a5 22. a3 b4 23. axb4 axb4 24. c4 Rd7 25. Nd3 Qe7 26. Ra1 Ra7 27. Qb2 Rca8 28. Rxa7 Rxa7 29. Ra1 Rxa1 30. Qxa1 Qb7 31. Qa4 Nd7 32. Nxb4 Nxb4 33. Qxb4 Qxb4 34. Bxb4 f6 35. Bd6 Kf7 36. c5 Ke8 37. b4 Kd8 38. b5 Nxc5 39. Bxc5 Kc7 40. Bf8 Kb6 41. Bxg7 Kxb5 42. Bxf6 Kc4 43. Bxe5 d3 44. Bf4 Kd4 45. Kf2 h5 46. h3 Kc3 47. e5 1-0

[Event "Pocos de Caldas op"]
[Site "Pocos de Caldas"]
[Date "2018.03.04"]
[Round "5"]
[White "De Andrade, Thiago Carleial"]
[Black "De Sousa E Silva, Luis Gonzaga"]
[Result "0-1"]
[WhiteElo "1596"]
[BlackElo "1347"]
[PlyCount "80"]
[EventDate "2018.03.02"]
[EventType "swiss"]
[EventRounds "6"]
[EventCountry "BRA"]
[SourceTitle "CBM 183 Extra"]
[Source "ChessBase"]
[SourceDate "2018.04.19"]
[SourceVersion "1"]
[SourceVersionDate "2018.04.19"]
[SourceQuality "1"]

1. e4 d5 2. exd5 Qxd5 3. Nc3 Qa5 4. a3 c6 5. b4 Qc7 6. d4 Nf6 7. Nf3 Bf5 8. Bd3 Bg6 9. Bxg6 hxg6 10. 0-0 Ng4 11. h3 f5 12. b5 e6 13. bxc6 bxc6 14. Qd2 Bd6 15. g3 Rxh3 16. Kg2 Rh5 17. Re1 e5 18. Ng5 Rh2+ 19. Kg1 Rxf2 20. Qd1 Qd7 21. dxe5 Bxe5 22. Qxd7+ Nxd7 23. Bb2 Rxc2 24. Ne6 Kf7 25. Nf4 Bxc3 26. Bxc3 Rxc3 27. Re6 Rxg3+ 28. Kf1 Rf3+ 29. Kg2 Rxf4 30. Rxc6 Re8 31. Rc2 Ne3+ 32. Kh1 Rh8+ 33. Kg1 Nxc2 34. Rf1 Rxf1+ 35. Kxf1 Ne5 36. a4 Nd4 37. a5 Nd3 38. a6 Rh2 39. Kg1 Nf3+ 40. Kf1 Rf2# 0-1

[Event "Pocos de Caldas op"]
[Site "Pocos de Caldas"]
[Date "2018.03.04"]
[Round "6"]
[White "De Sousa E Silva, Luis Gonzaga"]
[Black "Coelho, Tatiane Cristina"]
[Result "0-1"]
[WhiteElo "1347"]
[BlackElo "1741"]
[PlyCount "72"]
[EventDate "2018.03.02"]
[EventType "swiss"]
[EventRounds "6"]
[EventCountry "BRA"]
[SourceTitle "CBM 183 Extra"]
[Source "ChessBase"]
[SourceDate "2018.04.19"]
[SourceVersion "1"]
[SourceVersionDate "2018.04.19"]
[SourceQuality "1"]

1. Nf3 e6 2. g3 f5 3. Bg2 Nf6 4. d3 d5 5. Nbd2 Bd6 6. 0-0 0-0 7. Re1 f4 8. e4 fxg3 9. e5 gxf2+ 10. Kxf2 Ng4+ 11. Kg1 Be7 12. Nf1 Bh4 13. Nxh4 Qxh4 14. h3 Nf2 15. Qe2 Nc6 16. Be3 Nxh3+ 17. Bxh3 Qxh3 18. d4 Bd7 19. Nh2 Rf5 20. Rf1 Raf8 21. c3 Ne7 22. Rf2 a6 23. b3 Rxf2 24. Bxf2 Qxc3 25. Rf1 Bb5 26. Qe1 Qh3 27. Bh4 Bxf1 28. Nxf1 Rxf1+ 29. Qxf1 Qxh4 30. Qd3 Nf5 31. Qc3 Qxd4+ 32. Qxd4 Nxd4 33. Kf2 Kf7 34. Ke3 Nc6 35. a3 Nxe5 36. Kf4 Kf6 0-1